000 01012nam a2200277Ia 4500
003 OSt
005 20221005111614.0
006 a|||||r|||| 00| 0
007 ta
008 221004b |||||||| |||| 00| 0 hin d
020 _a9788176753289 (hbk)
_cIndian Rupees 150
024 _a41068
037 _bGift, 09/01/2019,
_cTextual
040 _aCRL
_cCRL
_bhin
041 _2hin
_ahin
082 _aO152,1J32:g, P6
100 _aतिवारी, अजय, संपा.
245 0 _aतुलसीदास
_b एक पुनर्मूल्यांकन
246 _aTulasīdāsa: ek punarmūlyāankana
260 _aपंचकूला
_bआधार प्रकाशन भारत
_c2006
300 _a315पृ0
_ccm.
650 _a हिन्दी साहित्य
650 _aहिन्दी कविता
942 _hO152,1J32:g, P6
_cTEXL
_2cc
999 _c1022322
_d1022322